Here the twister comes (Record no. 117174)
[ view plain ]
| 000 -LEADER | |
|---|---|
| fixed length control field | 01372cam a2200241 4500 |
| 001 - CONTROL NUMBER | |
| control field | ABS67730 |
| 008 - FIXED-LENGTH DATA ELEMENTS--GENERAL INFORMATION | |
| fixed length control field | 040406n2004 000 0 eng u |
| 035 ## - SYSTEM CONTROL NUMBER | |
| System control number | (Sirsi) u125773 |
| 100 ## - MAIN ENTRY--PERSONAL NAME | |
| Personal name | Levett, R. |
| 245 ## - TITLE STATEMENT | |
| Title | Here the twister comes |
| 260 ## - PUBLICATION, DISTRIBUTION, ETC. | |
| Date of publication, distribution, etc. | 2004 |
| 490 ## - SERIES STATEMENT | |
| Series statement | Building |
| Volume/sequential designation | 269(8324) 19 March 2004, 50-52(3) |
| 520 ## - SUMMARY, ETC. | |
| Summary, etc. | Examines extracts from the CABE/RIBA "Housing futures 2024", part of the Building Futures Programme to facilitate discussion on the future of housing. One scenario discussed is that of rapid climate change for the UK within the next decade which may force a drastic cut in the energy consumption of new housing. Also more social development of housing may occur including mutual, co-operative and schemes led by social landlords as well as affordable housing. As a result, commercial developers may suffer a relative decline. Another short extract discusses the different scenarios that could take place with the arrival of ever greater technological advances and this stresses the need for this area to be integrated into broader strategies to bring about desired societal outcomes. |
| 590 ## - LOCAL NOTE (RLIN) | |
| Local note | ABS |
| 590 ## - LOCAL NOTE (RLIN) | |
| Local note | ABS |
| 650 ## - SUBJECT ADDED ENTRY--TOPICAL TERM | |
| Topical term or geographic name entry element | CLIMATE CHANGE |
| 650 ## - SUBJECT ADDED ENTRY--TOPICAL TERM | |
| Topical term or geographic name entry element | FLOODING |
| 650 ## - SUBJECT ADDED ENTRY--TOPICAL TERM | |
| Topical term or geographic name entry element | HOUSING STRATEGIES |
| 650 ## - SUBJECT ADDED ENTRY--TOPICAL TERM | |
| Topical term or geographic name entry element | TRANSPORT AND THE ENVIRONMENT |
| 690 ## - LOCAL SUBJECT ADDED ENTRY--TOPICAL TERM (OCLC, RLIN) | |
| Topical term or geographic name as entry element | HOUSING-DEVELOPMENT |
| 700 ## - ADDED ENTRY--PERSONAL NAME | |
| Personal name | Gillespie, A. |
| 942 ## - ADDED ENTRY ELEMENTS (KOHA) | |
| Suppress in OPAC | 0 |
| Withdrawn status | Lost status | Source of classification or shelving scheme | Damaged status | Not for loan | Home library | Current library | Shelving location | Date acquired | Total Checkouts | Full call number | Barcode | Date last seen | Copy number | Price effective from | Koha item type |
|---|---|---|---|---|---|---|---|---|---|---|---|---|---|---|---|
| Dewey Decimal Classification | London | London | Journal article | 06/04/2004 | ABS67730 | 125773-1001 | 06/08/2019 | 1 | 06/08/2019 | Journal article |